[Event "European Youth Chess Championship B12"]
[Site "Prague, Top Hotel Prague"]
[Date "2016.08.21"]
[Round "4.72"]
[White "Dudek, Vojtech"]
[Black "Lamblin, Alexandre"]
[Result "1/2-1/2"]
[WhiteElo "1529"]
[BlackElo "1594"]
[PlyCount "42"]
[EventDate "2016.08.18"]

1. Nf3 Nf6 2. b3 g6 3. Bb2 Bg7 4. e3 d6 5. d4 O-O 6. Be2 Nfd7 7. O-O e5 8. Nbd2
f5 9. dxe5 dxe5 10. Nc4 Nc6 11. Qd5+ Kh8 12. Rad1 Qe8 13. a4 Nb6 14. Nxb6 axb6
15. Bb5 Be6 16. Qd2 Rd8 17. Qxd8 Qxd8 18. Rxd8 Rxd8 19. Bxc6 bxc6 20. Bxe5 Bxe5
21. Nxe5 c5 1/2-1/2

[Event "European Youth Chess Championship B12"]
[Site "Prague, Top Hotel Prague"]
[Date "2016.08.21"]
[Round "4.73"]
[White "Vainerchuk, Barys"]
[Black "Slivka, David"]
[Result "1-0"]
[WhiteElo "1592"]
[BlackElo "1524"]
[PlyCount "69"]
[EventDate "2016.08.18"]

1. e4 e5 2. Nf3 Nc6 3. Nc3 Nf6 4. a3 d5 5. Bb5 Nxe4 6. Nxe4 dxe4 7. Nxe5 Qg5 8.
d4 Qxg2 9. Rf1 Bd6 10. Nxc6 Bd7 11. d5 bxc6 12. Bxc6 Bxc6 13. dxc6 O-O 14. Bd2
Bxh2 15. Qh5 Bd6 16. O-O-O Qf3 17. Qh4 Rab8 18. Rh1 Qf5 19. Rh3 Be5 20. Bc3
Qf4+ 21. Qxf4 Bxf4+ 22. Kb1 Rb6 23. Rh4 Bd6 24. Rdh1 h6 25. Rxh6 f6 26. Rg1 Kf7
27. Rhg6 Rg8 28. Bxf6 Bxa3 29. Bd4 Rb5 30. Rxg7+ Rxg7 31. Rxg7+ Ke6 32. Rxc7 a5
33. Rb7 Rxb7 34. cxb7 Bd6 35. Ba7 1-0

[Event "European Youth Chess Championship B12"]
[Site "Prague, Top Hotel Prague"]
[Date "2016.08.21"]
[Round "4.74"]
[White "Nesse, David"]
[Black "Winkin, Jos"]
[Result "1-0"]
[WhiteElo "1602"]
[BlackElo "1247"]
[PlyCount "57"]
[EventDate "2016.08.18"]

1. e4 e5 2. Nf3 Nc6 3. d4 exd4 4. Nxd4 Qh4 5. Nb5 Bc5 6. Qe2 Nd4 7. Nxd4 Bxd4
8. c3 Bb6 9. g3 Qe7 10. Bg2 d6 11. O-O Nf6 12. Be3 O-O 13. Nd2 c6 14. Bxb6 axb6
15. Nc4 Qc7 16. Rfd1 Rd8 17. Qd3 d5 18. exd5 Nxd5 19. Bxd5 Rxd5 20. Qe3 Rxd1+
21. Rxd1 Be6 22. Nxb6 Rxa2 23. Qf4 Qe7 24. Qb8+ Qf8 25. Rd8 g6 26. Rxf8+ Kg7
27. Rg8+ Kh6 28. Qf4+ Kh5 29. Qh4# 1-0

[Event "European Youth Chess Championship B12"]
[Site "Prague, Top Hotel Prague"]
[Date "2016.08.21"]
[Round "4.75"]
[White "Petrek, David"]
[Black "Hersel, Rudolf"]
[Result "1/2-1/2"]
[WhiteElo "1463"]
[BlackElo "1685"]
[PlyCount "57"]
[EventDate "2016.08.18"]

1. e4 e5 2. Nf3 Nc6 3. d4 exd4 4. Bc4 Nf6 5. e5 Ne4 6. O-O Be7 7. Re1 Nc5 8.
Nxd4 Nxd4 9. Qxd4 O-O 10. Nc3 d6 11. Bf4 dxe5 12. Qxe5 Bd6 13. Qe3 Bxf4 14.
Qxf4 Be6 15. Rad1 Qc8 16. Nd5 Bxd5 17. Bxd5 c6 18. Bc4 Ne6 19. Bxe6 fxe6 20.
Qd6 Rf6 21. Re2 Qf8 22. Qxf8+ Raxf8 23. Rd7 R8f7 24. Rd6 Re7 25. f3 e5 26. Rd3
Kf7 27. Rde3 Rfe6 28. Kf2 g6 29. Kg3 1/2-1/2

[Event "European Youth Chess Championship B12"]
[Site "Prague, Top Hotel Prague"]
[Date "2016.08.21"]
[Round "4.76"]
[White "Berezovsky, Jonathan"]
[Black "Hosnedl, Matyas"]
[Result "0-1"]
[WhiteElo "1164"]
[BlackElo "1652"]
[PlyCount "102"]
[EventDate "2016.08.18"]

1. Nf3 c5 2. g3 Nf6 3. Bg2 g6 4. O-O Bg7 5. c4 Nc6 6. e3 O-O 7. d4 cxd4 8. Nxd4
Nxd4 9. exd4 d5 10. cxd5 Nxd5 11. Be3 Nxe3 12. fxe3 Qb6 13. Qd2 Rd8 14. d5 Bxb2
15. Qf2 f5 16. Nd2 Bxa1 17. Rxa1 Qb2 18. Nb3 Qxf2+ 19. Kxf2 e6 20. Rd1 exd5 21.
Bxd5+ Kg7 22. Kf3 Be6 23. e4 fxe4+ 24. Kxe4 Bxd5+ 25. Rxd5 Rxd5 26. Kxd5 Kf6
27. Ke4 Rd8 28. Kf3 Rd3+ 29. Kf4 Rxb3 30. axb3 a5 31. Ke3 Ke5 32. Kd3 b5 33.
Kc3 a4 34. bxa4 bxa4 35. Kb4 Ke4 36. Kxa4 Kf3 37. Kb4 Kg2 38. g4 Kxh2 39. Kc3
Kg3 40. g5 Kg4 41. Kd2 Kxg5 42. Ke1 Kg4 43. Kf1 Kf3 44. Kg1 g5 45. Kf1 g4 46.
Kg1 g3 47. Kf1 g2+ 48. Kg1 h5 49. Kh2 Kf2 50. Kh3 g1=Q 51. Kh4 Qg4# 0-1

[Event "European Youth Chess Championship B12"]
[Site "Prague, Top Hotel Prague"]
[Date "2016.08.21"]
[Round "4.77"]
[White "Spada, Dario"]
[Black "Aslanov, Samad"]
[Result "1/2-1/2"]
[WhiteElo "1132"]
[BlackElo "1529"]
[PlyCount "37"]
[EventDate "2016.08.18"]

1. d4 Nf6 2. Nf3 d6 3. c4 g6 4. Nc3 Bg7 5. e4 Nbd7 6. Bf4 O-O 7. Be2 c6 8. O-O
Qc7 9. c5 Nh5 10. cxd6 exd6 11. Be3 Re8 12. Qb3 Nhf6 13. Bd3 Nb6 14. h3 Be6 15.
Qc2 Bc4 16. Rfe1 Re7 17. b3 Bxd3 18. Qxd3 Rae8 19. Bg5 1/2-1/2

[Event "European Youth Chess Championship B12"]
[Site "Prague, Top Hotel Prague"]
[Date "2016.08.21"]
[Round "4.78"]
[White "Veres, Simon"]
[Black "Wartiovaara, Oliver"]
[Result "0-1"]
[WhiteElo "1514"]
[BlackElo "1514"]
[PlyCount "81"]
[EventDate "2016.08.18"]

1. e4 c5 2. Nf3 d6 3. d4 cxd4 4. Nxd4 Nf6 5. Nc3 g6 6. Be3 Bg7 7. Bc4 Nc6 8. f3
O-O 9. Qd2 Bd7 10. O-O-O Rc8 11. g4 Nxd4 12. Bxd4 Rxc4 13. e5 Ne8 14. Qd3 Be6
15. b3 Rc8 16. Qd2 Qa5 17. f4 dxe5 18. fxe5 Nc7 19. h4 Nd5 20. Nxd5 Bxd5 21.
Rh3 h6 22. Bb2 e6 23. Kb1 b5 24. h5 g5 25. Rf1 Rc7 26. Rh2 Rfc8 27. Qd3 Qb4 28.
Qd1 Be4 29. Rff2 a5 30. Rd2 Qc5 31. Rd8+ Bf8 32. Rxc8 Rxc8 33. Qe1 Bxc2+ 34.
Ka1 Qb4 35. Qe2 Qe4 36. Qf1 Bd3 37. Qg1 Rc2 38. Rh1 Bc5 39. Qd1 Rxb2 40. Kxb2
Qd4+ 41. Kc1 0-1

[Event "European Youth Chess Championship B12"]
[Site "Prague, Top Hotel Prague"]
[Date "2016.08.22"]
[Round "5.1"]
[White "Mitev, Valentin"]
[Black "Bjerre, Jonas"]
[Result "0-1"]
[WhiteElo "2119"]
[BlackElo "2382"]
[PlyCount "90"]
[EventDate "2016.08.18"]

1. d4 Nf6 2. c4 e6 3. Nf3 Bb4+ 4. Nbd2 O-O 5. e3 b6 6. a3 Be7 7. Qc2 c5 8. Bd3
cxd4 9. exd4 Bb7 10. b3 d6 11. Bb2 Nbd7 12. O-O Rc8 13. Rac1 Rc7 14. Qb1 Qa8
15. Rfe1 d5 16. Bf1 Rfc8 17. Ne5 dxc4 18. bxc4 Nxe5 19. Rxe5 Bd6 20. Ree1 Bf4
21. Bc3 Ne4 22. Nxe4 Bxe4 23. Rxe4 Bxc1 24. Rh4 Bh6 25. d5 exd5 26. Rxh6 gxh6
27. Qf5 Qc6 28. Bd3 f6 29. Bxf6 Rf7 30. Qg4+ Kf8 31. Bc3 a5 32. Bd2 Re8 33.
cxd5 Qf6 34. Qg3 Rd8 35. Bc4 Rxd5 36. Qb8+ Rd8 37. Bxh6+ Ke7 38. Qb7+ Rd7 39.
Qe4+ Kd8 40. Qa8+ Kc7 41. Qa7+ Kc6 42. Qa8+ Kc5 43. Be3+ Kxc4 44. Qe4+ Kb3 45.
Qb1+ Qb2 0-1

[Event "European Youth Chess Championship B12"]
[Site "Prague, Top Hotel Prague"]
[Date "2016.08.22"]
[Round "5.2"]
[White "Ognean, Mihnea-Ionut"]
[Black "Gharibyan, Mamikon"]
[Result "0-1"]
[WhiteElo "2037"]
[BlackElo "2194"]
[PlyCount "140"]
[EventDate "2016.08.18"]

1. e4 c5 2. Nf3 d6 3. d4 cxd4 4. Nxd4 Nf6 5. Nc3 a6 6. h3 e5 7. Nde2 Be6 8. g4
Be7 9. Bg2 O-O 10. O-O Nbd7 11. Ng3 g6 12. Nd5 Bxd5 13. exd5 Rc8 14. Bh6 Qb6
15. Bxf8 Bxf8 16. g5 Ne8 17. Qg4 Rc7 18. b3 f5 19. gxf6 Ndxf6 20. Qe2 Rc3 21.
Kh1 Bh6 22. Rad1 Qc7 23. Be4 Qc8 24. Kh2 Bf4 25. Rg1 Ng7 26. Bd3 Ngh5 27. Kg2
Bxg3 28. fxg3 e4 29. Rgf1 exd3 30. Rxd3 Rxc2 31. Rd2 Rxd2 32. Qxd2 Ne4 33. Qc1
Qc3 34. Qxc3 Nxc3 35. Rc1 Nxd5 36. Rc8+ Kf7 37. Rb8 b6 38. Rb7+ Ke6 39. Rxh7
Ne7 40. Rh8 Nf6 41. Kf3 d5 42. Rb8 Nd7 43. Ra8 a5 44. g4 d4 45. Ke4 Nc6 46.
Re8+ Kd6 47. Kd3 Kd5 48. g5 Nde5+ 49. Ke2 Ke4 50. h4 d3+ 51. Kd1 Kf4 52. a3 Kg4
53. Rh8 Nd4 54. b4 axb4 55. axb4 Nef3 56. h5 gxh5 57. g6 Nf5 58. g7 Ne3+ 59.
Kc1 d2+ 60. Kb2 d1=Q 61. g8=Q+ Kh4 62. Qd8+ Qxd8 63. Rxd8 Kg3 64. Kc3 h4 65.
Rg8+ Ng4 66. Rh8 h3 67. Kc4 Nh4 68. Ra8 h2 69. Ra1 Nf2 70. Kd4 Nf3+ 0-1

[Event "European Youth Chess Championship B12"]
[Site "Prague, Top Hotel Prague"]
[Date "2016.08.22"]
[Round "5.3"]
[White "Larkin, Vladislav"]
[Black "Suleymanli, Aydin"]
[Result "1/2-1/2"]
[WhiteElo "1932"]
[BlackElo "2145"]
[PlyCount "84"]
[EventDate "2016.08.18"]

1. d4 e6 2. Nf3 c5 3. e3 Nf6 4. Bd3 Nc6 5. O-O d5 6. b3 Bd6 7. Bb2 O-O 8. Ne5
Ne7 9. Nd2 b6 10. c4 Bb7 11. Qe2 Qc7 12. cxd5 exd5 13. Rac1 Rad8 14. Ndf3 Qb8
15. dxc5 bxc5 16. Bb1 Ne4 17. Qb5 a6 18. Qe2 a5 19. Rfd1 f6 20. Nd3 Ba6 21. Qe1
Nc6 22. Ba3 Nb4 23. Bxb4 axb4 24. Nb2 Nc3 25. Rxc3 bxc3 26. Qxc3 Bb7 27. h3 g6
28. Qd3 Be5 29. Na4 Bd6 30. Qb5 Qc7 31. Nc3 Bc6 32. Qd3 Be7 33. Ne2 Bd6 34. Nc3
Be5 35. Rc1 Qa5 36. Nxe5 fxe5 37. e4 dxe4 38. Qc4+ Kg7 39. Qe6 Qc7 40. Bxe4
Bxe4 41. Nxe4 Rde8 42. Rxc5 Qd8 1/2-1/2

[Event "European Youth Chess Championship B12"]
[Site "Prague, Top Hotel Prague"]
[Date "2016.08.22"]
[Round "5.4"]
[White "Pedoson, Georg Aleksander"]
[Black "Nguyen, Alex Dac-Vuong"]
[Result "0-1"]
[WhiteElo "1944"]
[BlackElo "2069"]
[PlyCount "122"]
[EventDate "2016.08.18"]

1. d4 Nf6 2. Bg5 Ne4 3. Bf4 c5 4. f3 Qa5+ 5. c3 Nf6 6. d5 d6 7. e4 g6 8. Na3
Nbd7 9. Nc4 Qc7 10. a4 Bg7 11. Bd3 O-O 12. Ne2 a6 13. O-O Rb8 14. Na3 Nh5 15.
Be3 Ne5 16. h3 Bd7 17. g4 Nf6 18. Bc2 Be8 19. f4 Ned7 20. Ng3 h6 21. h4 e6 22.
g5 Nh7 23. dxe6 fxe6 24. Bb3 Bf7 25. Qg4 h5 26. Qf3 b5 27. axb5 axb5 28. Qe2 c4
29. Bc2 d5 30. e5 b4 31. cxb4 Rxb4 32. Bd4 Nc5 33. Rac1 Nb3 34. Bxb3 Rxb3 35.
Kh2 Rfb8 36. Rc2 Bf8 37. Nb1 Bc5 38. Rd1 Qb6 39. Bxc5 Qxc5 40. Nc3 Qb6 41. Qd2
Rxb2 42. Rxb2 Qxb2 43. Kg2 Be8 44. Kf3 Bc6 45. Qd4 Rb3 46. Nge2 Qc2 47. Ke3 Nf8
48. Ra1 Qf5 49. Ra7 Rb2 50. Ng3 Qh3 51. Nce2 Rb3+ 52. Kf2 Qh2+ 53. Ke1 Rxg3 54.
Nxg3 Qxg3+ 55. Kd1 Qxh4 56. Qc5 Qg4+ 57. Ke1 Qg3+ 58. Kd1 Qxf4 59. Qxc6 Qf3+
60. Ke1 Qe3+ 61. Kd1 Qxa7 0-1

[Event "European Youth Chess Championship B12"]
[Site "Prague, Top Hotel Prague"]
[Date "2016.08.22"]
[Round "5.5"]
[White "Ceres, Dragos"]
[Black "Kochavi, Ori"]
[Result "0-1"]
[WhiteElo "1904"]
[BlackElo "2038"]
[PlyCount "70"]
[EventDate "2016.08.18"]

1. e4 c5 2. Nf3 e6 3. c3 Nf6 4. e5 Nd5 5. d4 cxd4 6. cxd4 Nc6 7. Bc4 d6 8. O-O
Be7 9. Bd2 O-O 10. Nc3 Nxc3 11. Bxc3 Qc7 12. Qe2 dxe5 13. dxe5 b6 14. Bd3 Bb7
15. Rac1 Rad8 16. Rfe1 Rfe8 17. Bb1 Qb8 18. Qe4 g6 19. Qg4 Bf8 20. Qg3 Ne7 21.
Ng5 h6 22. Ne4 Bxe4 23. Bxe4 Nf5 24. Qf4 Bg7 25. h3 Rc8 26. Rcd1 Red8 27. Rxd8+
Rxd8 28. Bc2 Ne7 29. Qh4 Nc6 30. Ba4 b5 31. Qe4 Qb6 32. Bb3 b4 33. Ba4 bxc3 34.
Bxc6 cxb2 35. Rb1 Rc8 0-1

[Event "European Youth Chess Championship B12"]
[Site "Prague, Top Hotel Prague"]
[Date "2016.08.22"]
[Round "5.6"]
[White "Biletskiy, Danylo"]
[Black "Czopor, Maciej"]
[Result "1/2-1/2"]
[WhiteElo "1796"]
[BlackElo "2025"]
[PlyCount "71"]
[EventDate "2016.08.18"]

1. Nf3 Nf6 2. g3 g6 3. b3 Bg7 4. Bb2 c5 5. c4 d6 6. Bg2 e5 7. d3 Nc6 8. O-O O-O
9. Nc3 Ne8 10. e3 Be6 11. Ne1 Nc7 12. Nd5 Rb8 13. Qe2 f5 14. Nc2 Qd7 15. Nxc7
Qxc7 16. d4 e4 17. Rab1 Bf7 18. Rfe1 Rfe8 19. Qd2 Rbd8 20. d5 Ne5 21. Bxe5 Bxe5
22. f3 exf3 23. Bxf3 Bg7 24. e4 fxe4 25. Bxe4 Re5 26. Re2 Rde8 27. Rbe1 R8e7
28. Bf3 Qd7 29. Rxe5 Bxe5 30. Re2 Bf6 31. Kg2 Kg7 32. Ne1 Qe8 33. Nd3 Rxe2+ 34.
Qxe2 Qxe2+ 35. Bxe2 Bd4 36. Nf4 1/2-1/2

[Event "European Youth Chess Championship B12"]
[Site "Prague, Top Hotel Prague"]
[Date "2016.08.22"]
[Round "5.7"]
[White "Pogosyan, Stefan"]
[Black "Dudin, Gleb"]
[Result "1/2-1/2"]
[WhiteElo "2200"]
[BlackElo "1965"]
[PlyCount "52"]
[EventDate "2016.08.18"]

1. d4 d5 2. c4 c6 3. Nf3 Nf6 4. Nbd2 Bf5 5. Nh4 Bg6 6. Nxg6 hxg6 7. e3 e6 8.
Be2 Nbd7 9. b3 Qa5 10. a3 Ne4 11. Qc2 Bb4 12. axb4 Qxa1 13. Nb1 Ndf6 14. cxd5
exd5 15. Bb2 Qa2 16. O-O a5 17. f3 axb4 18. fxe4 Nxe4 19. Bd3 Nf6 20. Nd2 Qa5
21. Ra1 Qd8 22. Rxa8 Qxa8 23. Qc5 Qa2 24. Bc1 Qa1 25. Nb1 Qa8 26. Qxb4 Qb8
1/2-1/2

[Event "European Youth Chess Championship B12"]
[Site "Prague, Top Hotel Prague"]
[Date "2016.08.22"]
[Round "5.8"]
[White "Gines, Esteo Pedro Antonio"]
[Black "Stukan, Martin"]
[Result "0-1"]
[WhiteElo "2194"]
[BlackElo "1962"]
[PlyCount "252"]
[EventDate "2016.08.18"]

1. d4 Nf6 2. Nf3 e6 3. e3 d5 4. Bd3 Be7 5. O-O O-O 6. b3 b6 7. Bb2 Bb7 8. Ne5
Nbd7 9. Nxd7 Qxd7 10. Nd2 Rac8 11. Qe2 c5 12. dxc5 Rxc5 13. Bd4 Rcc8 14. a4 Qc7
15. Nf3 Ne4 16. Be5 Nc3 17. Bxh7+ Kh8 18. Qd3 Qc5 19. Bd4 Qa5 20. Ne5 Ba6 21.
Ng6+ fxg6 22. Qxg6 Ne2+ 23. Kh1 Nxd4 24. Qh5 Bg5 25. b4 Qxb4 26. Bd3+ Bh6 27.
Bxa6 Nxc2 28. Bxc8 Rxc8 29. Rac1 Qe4 30. Qf7 Rc4 31. Qxa7 Rxa4 32. Qxb6 Rc4 33.
Rb1 Kh7 34. Qd8 Nb4 35. Qf8 Bg5 36. Qf7 Qg6 37. Qxg6+ Kxg6 38. Rfc1 Nd3 39.
Rxc4 dxc4 40. Rb6 Kf5 41. Kg1 c3 42. Rc6 Bf6 43. Kf1 Nb4 44. Rc5+ Kg6 45. Ke2
Kf7 46. Rc7+ Ke8 47. Kd1 Kd8 48. Rc4 Nd3 49. Kc2 Ne1+ 50. Kd1 Nxg2 51. Rg4 Nh4
52. e4 Nf3 53. Rg3 Nxh2 54. f4 g5 55. fxg5 Bg7 56. Ke2 Ke7 57. Rh3 Nf1 58. Kd3
Nd2 59. g6 Nb3 60. Rh5 Nc1+ 61. Kc2 Ne2 62. e5 Kf8 63. Rh2 Nf4 64. Kxc3 Bxe5+
65. Kd2 Kg7 66. Rh1 Kxg6 67. Ke3 Kf5 68. Rb1 Bd6 69. Rb5+ e5 70. Kf3 Ne6 71.
Ra5 Bc5 72. Ra4 Ng5+ 73. Ke2 Bd4 74. Kd3 Ne6 75. Ra5 Nc5+ 76. Ke2 Ke4 77. Ra8
Ne6 78. Ra3 Bc5 79. Ra6 Nf4+ 80. Kf1 Kf3 81. Ra5 Bd4 82. Ra3+ Be3 83. Ra2 e4
84. Rf2+ Kg3 85. Ra2 Kg4 86. Rc2 Ba7 87. Ra2 Bc5 88. Rc2 Be7 89. Kf2 Nd5 90.
Rc4 Kf4 91. Ke2 Ke5 92. Rc1 Bd8 93. Ra1 Nf4+ 94. Kd2 Bb6 95. Ra3 Nd5 96. Ke2
Kf4 97. Rb3 e3 98. Ra3 Ke4 99. Ra8 Nf4+ 100. Ke1 Kf3 101. Re8 Ba5+ 102. Kf1 Bc3
103. Re7 Bf6 104. Re8 e2+ 105. Rxe2 Nxe2 106. Ke1 Bc3+ 107. Kf1 Ng3+ 108. Kg1
Bd4+ 109. Kh2 Be3 110. Kh3 Bg1 111. Kh4 Ne4 112. Kh5 Kf4 113. Kg6 Ng5 114. Kf6
Bc5 115. Kg6 Bd4 116. Kh5 Kf5 117. Kh6 Ne6 118. Kh7 Kf6 119. Kg8 Ng7 120. Kh7
Be3 121. Kg8 Kg6 122. Kf8 Bc5+ 123. Kg8 Nf5 124. Kh8 Ba3 125. Kg8 Nh6+ 126. Kh8
Bb2# 0-1

[Event "European Youth Chess Championship B12"]
[Site "Prague, Top Hotel Prague"]
[Date "2016.08.22"]
[Round "5.9"]
[White "Oglaza, Oskar"]
[Black "Minko, Dmitry"]
[Result "1-0"]
[WhiteElo "2128"]
[BlackElo "1960"]
[PlyCount "83"]
[EventDate "2016.08.18"]

1. e4 e5 2. Nf3 Nc6 3. d4 exd4 4. Nxd4 Bc5 5. Nb3 Bb6 6. Nc3 Nf6 7. Qe2 O-O 8.
Be3 Re8 9. f3 d5 10. O-O-O d4 11. Bf2 Be6 12. Na4 Qe7 13. Qe1 Red8 14. Kb1 Bxb3
15. axb3 Ba5 16. c3 dxc3 17. bxc3 Qa3 18. Kc2 Qa2+ 19. Nb2 Rxd1 20. Qxd1 Bxc3
21. Kxc3 Qa5+ 22. b4 Qxb4+ 23. Kc2 Qa5 24. Bc4 b5 25. Bb3 Rd8 26. Qe1 Nb4+ 27.
Kb1 Qa3 28. Qc3 Qa5 29. Be1 Qb6 30. Qxb4 c5 31. Qa5 Qb8 32. Bg3 Qb6 33. Qxb6
axb6 34. Bc7 Rd2 35. Bxb6 c4 36. Nxc4 bxc4 37. Bxc4 Rxg2 38. Rd1 g6 39. Rd8+
Kg7 40. Bd4 h5 41. e5 Nh7 42. e6+ 1-0

[Event "European Youth Chess Championship B12"]
[Site "Prague, Top Hotel Prague"]
[Date "2016.08.22"]
[Round "5.10"]
[White "Horobrijs, Daniils"]
[Black "Subelj, Jan"]
[Result "0-1"]
[WhiteElo "1829"]
[BlackElo "2088"]
[PlyCount "68"]
[EventDate "2016.08.18"]

1. e4 e5 2. Nf3 Nc6 3. Bb5 a6 4. Ba4 Nf6 5. O-O Be7 6. Re1 b5 7. Bb3 d6 8. a4
Bd7 9. c3 O-O 10. d4 Bg4 11. Be3 exd4 12. cxd4 Na5 13. Bc2 Nc4 14. b3 Nxe3 15.
Rxe3 Nd7 16. Qd3 g6 17. Nc3 c6 18. h3 Bxf3 19. Rxf3 b4 20. Ne2 c5 21. Rg3 Bh4
22. Rg4 cxd4 23. f4 h5 24. Rxh4 Qxh4 25. Rf1 Rac8 26. Bb1 Nc5 27. Qxd4 Nxb3 28.
Qxb4 Rb8 29. Qxd6 Rfd8 30. Qc7 Nd2 31. Ba2 Qf6 32. e5 Qb6+ 33. Qxb6 Rxb6 34.
Rd1 Nf3+ 0-1

[Event "European Youth Chess Championship B12"]
[Site "Prague, Top Hotel Prague"]
[Date "2016.08.22"]
[Round "5.11"]
[White "Abelakiotis, Stavros"]
[Black "Van, Dael Siem"]
[Result "1-0"]
[WhiteElo "1784"]
[BlackElo "2082"]
[PlyCount "49"]
[EventDate "2016.08.18"]

1. e4 e5 2. Nf3 Nc6 3. Bb5 a6 4. Ba4 Nf6 5. O-O Be7 6. Re1 b5 7. Bb3 O-O 8. c3
d5 9. exd5 Nxd5 10. Nxe5 Nxe5 11. Rxe5 c6 12. d3 Bd6 13. Re1 Bf5 14. Qf3 Qf6
15. Be3 Rfe8 16. Bxd5 cxd5 17. Nd2 Qg6 18. Bf4 Bxf4 19. Qxf4 Bxd3 20. Re3 Re6
21. Rg3 Rae8 22. h3 Re4 23. Nxe4 Qxe4 24. Re3 Qxf4 25. Rxe8# 1-0

[Event "European Youth Chess Championship B12"]
[Site "Prague, Top Hotel Prague"]
[Date "2016.08.22"]
[Round "5.12"]
[White "Morgunov, Marc"]
[Black "Antonica, Dragos-Andrei"]
[Result "1/2-1/2"]
[WhiteElo "2078"]
[BlackElo "1946"]
[PlyCount "146"]
[EventDate "2016.08.18"]

1. e4 e6 2. d3 d5 3. Qe2 c6 4. Nf3 Bc5 5. g3 Ne7 6. Nbd2 Nd7 7. Bg2 Qc7 8. O-O
O-O 9. c3 Ng6 10. b4 Be7 11. Rb1 b6 12. h4 Ba6 13. Ne1 Rfd8 14. f4 dxe4 15.
Nxe4 Nf6 16. c4 Nxe4 17. dxe4 Rd4 18. b5 cxb5 19. cxb5 Bb7 20. Bb2 Rd7 21. h5
Nf8 22. Qg4 Bc5+ 23. Kh2 Bd4 24. Bxd4 Rxd4 25. Nf3 Rxe4 26. Rbc1 Rc4 27. Rxc4
Qxc4 28. Ne5 Qc7 29. Nc6 a6 30. a4 axb5 31. axb5 Ra2 32. h6 Ng6 33. Rd1 gxh6
34. Qf3 Ra8 35. Rd4 Re8 36. Qd3 Bc8 37. Rd6 h5 38. Bf3 h4 39. Qd4 hxg3+ 40.
Kxg3 Rf8 41. Be2 f6 42. Bc4 Qg7 43. Bxe6+ Bxe6 44. Rxe6 Ne5+ 45. Kf2 Qg4 46.
Rd6 Qf3+ 47. Kg1 Qg3+ 48. Kf1 Ng6 49. Rxf6 Rxf6 50. Qxf6 Qxf4+ 51. Qxf4 Nxf4
52. Kf2 Kf7 53. Ke3 Nd5+ 54. Kd4 Nc7 55. Ne5+ Ke6 56. Nc4 Nd5 57. Ke4 h5 58.
Kf3 Kf5 59. Kg3 Kg5 60. Kh3 h4 61. Kh2 Kg4 62. Ne5+ Kf5 63. Nc4 Kg5 64. Kh3
Nf4+ 65. Kh2 Nd5 66. Kh3 Kh5 67. Kh2 Kg4 68. Ne5+ Kf4 69. Nc4 Ke4 70. Kh3 Kd4
71. Nxb6 Nxb6 72. Kxh4 Kc5 73. Kg5 Kxb5 1/2-1/2

[Event "European Youth Chess Championship B12"]
[Site "Prague, Top Hotel Prague"]
[Date "2016.08.22"]
[Round "5.13"]
[White "Trifan, Andrei Ioan"]
[Black "Bilych, Olexiy"]
[Result "1-0"]
[WhiteElo "2069"]
[BlackElo "1860"]
[PlyCount "145"]
[EventDate "2016.08.18"]

1. e4 Nf6 2. e5 Nd5 3. Nc3 Nxc3 4. dxc3 d6 5. exd6 cxd6 6. Be3 g6 7. Qd2 Bg7 8.
O-O-O Nc6 9. Kb1 O-O 10. Nf3 Qa5 11. Bc4 Bg4 12. h3 Bxf3 13. gxf3 Ne5 14. Bb3
Rac8 15. Qd5 Qxd5 16. Bxd5 b6 17. f4 Nc4 18. Bd4 b5 19. Rhe1 Rc7 20. Re4 Rd8
21. Ree1 e6 22. Bf3 d5 23. Rd3 a5 24. Be3 Rdc8 25. Bd4 h5 26. Bxg7 Kxg7 27. f5
gxf5 28. Bxh5 Rh8 29. Bd1 Kf6 30. Rh1 Rh4 31. Rd4 Rxd4 32. cxd4 Nd2+ 33. Kc1
Ne4 34. Rh2 Rc8 35. h4 Rh8 36. h5 f4 37. Rg2 Ng5 38. Rg4 Kf5 39. Rh4 Rh6 40.
Bg4+ Ke4 41. c3 f6 42. Rh1 f3 43. Rh4 Kd3 44. Kd1 e5 45. Bd7 Kc4 46. dxe5+ Kc5
47. b4+ axb4 48. cxb4+ Kb6 49. exf6 Rxf6 50. Rg4 Ne4 51. Rg6 Kc7 52. Rxf6 Nxf6
53. Bxb5 Nxh5 54. Kd2 Nf6 55. Ke3 Ne4 56. Bd3 Nc3 57. a3 Kd6 58. Kxf3 d4 59.
Kg3 Nd1 60. Kf3 Kd5 61. Ke2 Nc3+ 62. Kd2 Na4 63. Bc2 Nb6 64. Kd3 Nd7 65. f4 Nf6
66. Bb3+ Kd6 67. Kxd4 Nh5 68. f5 Nf6 69. Be6 Ne8 70. a4 Ng7 71. b5 Ne8 72. a5
Nc7 73. Bc4 1-0

[Event "European Youth Chess Championship B12"]
[Site "Prague, Top Hotel Prague"]
[Date "2016.08.22"]
[Round "5.14"]
[White "Uzumcu, Ahmet Utku"]
[Black "Sargsyan, Sargis Vach"]
[Result "0-1"]
[WhiteElo "2047"]
[BlackElo "1912"]
[PlyCount "54"]
[EventDate "2016.08.18"]

1. e4 e5 2. Nf3 Nc6 3. Bc4 Bc5 4. c3 Nf6 5. d3 O-O 6. Nbd2 a6 7. Bb3 Ba7 8. h3
d6 9. Nf1 Be6 10. Bg5 Qe7 11. Ne3 h6 12. Bh4 g5 13. Bg3 Nh5 14. Bh2 Nf4 15. Qd2
b5 16. Bc2 f5 17. Ng1 fxe4 18. dxe4 Nxg2+ 19. Nxg2 Rxf2 20. Qd3 Rxg2 21. O-O-O
Rf8 22. Bg3 Bc4 23. Bb3 Qf7 24. Bxc4 bxc4 25. Qd5 Qxd5 26. exd5 Ne7 27. Bh2
Rff2 0-1

[Event "European Youth Chess Championship B12"]
[Site "Prague, Top Hotel Prague"]
[Date "2016.08.22"]
[Round "5.15"]
[White "Ozenir, Ekin Baris"]
[Black "Carbonell, Sancho Marc"]
[Result "1-0"]
[WhiteElo "2030"]
[BlackElo "1857"]
[PlyCount "73"]
[EventDate "2016.08.18"]

1. d4 Nf6 2. c4 g6 3. Nc3 Bg7 4. e4 d6 5. Be2 O-O 6. Nf3 Nbd7 7. Be3 e5 8. d5
Ng4 9. Bd2 f5 10. Ng5 Ndf6 11. h3 Nh6 12. g4 f4 13. Ne6 Bxe6 14. dxe6 Ne8 15.
h4 Kh8 16. g5 Ng8 17. Bg4 c6 18. Qb3 Qe7 19. O-O-O a6 20. Rdg1 h5 21. Qd1 f3
22. Bxf3 Rxf3 23. Qxf3 Qxe6 24. Qd3 b5 25. b3 Ne7 26. Rd1 Nc8 27. Be3 Nc7 28.
c5 Bf8 29. f4 exf4 30. Bxf4 Qd7 31. cxd6 Ne6 32. Be5+ Bg7 33. Bxg7+ Kxg7 34.
Rhf1 Nb6 35. Qe3 c5 36. Nd5 Nxd5 37. exd5 1-0

[Event "European Youth Chess Championship B12"]
[Site "Prague, Top Hotel Prague"]
[Date "2016.08.22"]
[Round "5.16"]
[White "Kacharava, Nikolozi"]
[Black "Kevlishvili, Nika"]
[Result "1-0"]
[WhiteElo "2024"]
[BlackElo "1788"]
[PlyCount "105"]
[EventDate "2016.08.18"]

1. e4 c6 2. Nc3 d5 3. Nf3 Bg4 4. h3 Bh5 5. exd5 cxd5 6. g4 Bg6 7. Ne5 Nc6 8. d4
e6 9. h4 f6 10. h5 Bf7 11. Nxf7 Kxf7 12. Ne2 Bd6 13. c3 Qc7 14. Qd3 Nge7 15.
Bg2 Na5 16. O-O g6 17. h6 Nc4 18. Qf3 Rhf8 19. b3 Nb6 20. Re1 Kg8 21. Nf4 Bxf4
22. Bxf4 Qd7 23. Qe2 Kf7 24. g5 Nf5 25. gxf6 Kxf6 26. Qe5+ Kf7 27. Bh3 Qe7 28.
Bxf5 gxf5 29. Qg7+ Ke8 30. Re5 Nd7 31. Re3 Qxg7+ 32. hxg7 Rg8 33. Rxe6+ Kf7 34.
Rae1 Rxg7+ 35. Kh1 Kg8 36. Rd6 Rc8 37. Rxd5 Nf6 38. Rxf5 Ng4 39. Bg3 h6 40. c4
Rd8 41. f3 Ne3 42. Rxe3 Rxg3 43. d5 Rg6 44. Re7 Rg7 45. Rxg7+ Kxg7 46. Re5 Rd7
47. Kg2 Kf6 48. Re6+ Kg5 49. Kg3 Rf7 50. f4+ Rxf4 51. Re5+ Rf5 52. Rxf5+ Kxf5
53. Kh4 1-0

[Event "European Youth Chess Championship B12"]
[Site "Prague, Top Hotel Prague"]
[Date "2016.08.22"]
[Round "5.17"]
[White "Chiriac, Daniel"]
[Black "Budisavljevic, Luka"]
[Result "1/2-1/2"]
[WhiteElo "1687"]
[BlackElo "1993"]
[PlyCount "70"]
[EventDate "2016.08.18"]

1. e4 c5 2. Nf3 e6 3. d4 cxd4 4. Nxd4 a6 5. Nc3 b5 6. Bd3 Qb6 7. Nb3 Qc7 8. Bd2
Bb7 9. Qe2 b4 10. Nd1 Nf6 11. f4 Nc6 12. O-O d6 13. Be3 Be7 14. Nf2 e5 15. Ng4
exf4 16. Bxf4 O-O 17. Rad1 Nxg4 18. Qxg4 Ne5 19. Qg3 Ng6 20. Bg5 Bxg5 21. Qxg5
Rfe8 22. Rfe1 Re5 23. Qd2 Qb6+ 24. Qf2 Qxf2+ 25. Kxf2 Rae8 26. Nd2 Kf8 27. a3
bxa3 28. bxa3 d5 29. exd5 Rxd5 30. Rxe8+ Kxe8 31. Rb1 Rd7 32. Ne4 Bxe4 33. Bxe4
Ra7 34. Ke3 Kd7 35. Kd4 Kd6 1/2-1/2